[Event "IND-ch 59th"]
[Site "New Delhi"]
[Date "2022.12.28"]
[Round "7"]
[White "Lad, Mandar Pradip"]
[Black "Sharsha, Backer"]
[Result "1-0"]
[WhiteElo "1727"]
[BlackElo "2008"]
[PlyCount "49"]
[EventDate "2022.12.22"]
[EventType "swiss"]
[EventRounds "13"]
[EventCountry "IND"]
[SourceTitle "CBM 211 Extra"]
[Source "ChessBase"]
[SourceDate "2023.01.31"]
[SourceVersion "1"]
[SourceVersionDate "2023.01.31"]
[SourceQuality "1"]

1. d4 Nf6 2. c4 e6 3. Nf3 d5 4. g3 Be7 5. Bg2 0-0 6. 0-0 a5 7. Nc3 c6 8. Ne5 Nfd7 9. Nxd7 Nxd7 10. b3 b6 11. Re1 Ba6 12. Bb2 b5 13. cxb5 cxb5 14. e4 Nf6 15. exd5 b4 16. d6 Bxd6 17. Ne4 Nd5 18. Nc5 Bb5 19. Rxe6 fxe6 20. Nxe6 Ne3 21. fxe3 Qe7 22. d5 Rf7 23. Qh5 Rc8 24. Be4 h6 25. Qg6 1-0

[Event "New Delhi Parsvnath op-B 17th"]
[Site "New Delhi"]
[Date "2019.01.11"]
[Round "8"]
[White "Deepak, Batra"]
[Black "Sharsha, Backer"]
[Result "1/2-1/2"]
[WhiteElo "1607"]
[BlackElo "1812"]
[PlyCount "30"]
[EventDate "2019.01.09"]
[EventType "swiss"]
[EventRounds "10"]
[EventCountry "IND"]
[SourceTitle "CBM 189 Extra"]
[Source "ChessBase"]
[SourceDate "2019.06.03"]
[SourceVersion "1"]
[SourceVersionDate "2019.06.03"]
[SourceQuality "1"]

1. d4 Nf6 2. Bf4 e6 3. e3 d5 4. Nf3 c5 5. c3 Nc6 6. Nbd2 Bd6 7. Bg3 0-0 8. Bd3 b6 9. e4 dxe4 10. Nxe4 Nxe4 11. Bxe4 Bb7 12. dxc5 Bxc5 13. b4 Be7 14. Ne5 Qc8 15. Qd7 Qxd7 1/2-1/2

[Event "New Delhi Parsvnath op-B 17th"]
[Site "New Delhi"]
[Date "2019.01.10"]
[Round "4"]
[White "Aashman, Gupta"]
[Black "Sharsha, Backer"]
[Result "0-1"]
[WhiteElo "1678"]
[BlackElo "1812"]
[PlyCount "96"]
[EventDate "2019.01.09"]
[EventType "swiss"]
[EventRounds "10"]
[EventCountry "IND"]
[SourceTitle "CBM 189 Extra"]
[Source "ChessBase"]
[SourceDate "2019.06.03"]
[SourceVersion "1"]
[SourceVersionDate "2019.06.03"]
[SourceQuality "1"]

1. e4 c5 2. d4 cxd4 3. c3 d3 4. Bxd3 Nc6 5. Nf3 d6 6. h3 Nf6 7. 0-0 g6 8. Be3 Bg7 9. Nbd2 0-0 10. Nd4 e5 11. Nxc6 bxc6 12. c4 Nh5 13. Rc1 Be6 14. Nb3 Nf4 15. Bxf4 exf4 16. Qe2 Qg5 17. Kh1 Rab8 18. f3 a5 19. Rc2 Qe5 20. Rf2 Rb4 21. Nc1 Rfb8 22. b3 a4 23. Qd2 axb3 24. axb3 Qg5 25. Bf1 Be5 26. Ra2 c5 27. Ra6 Qg3 28. Ra2 Bd4 29. Re2 Bxh3 30. Qe1 Qg5 31. Rad2 Be6 32. Rxd4 cxd4 33. Rd2 Qf6 34. Qf2 Ra8 35. Ra2 Rbb8 36. Bd3 Rxa2 37. Nxa2 Rxb3 38. Nc1 Rc3 39. Qf1 Qd8 40. Na2 Ra3 41. Nb4 Qa5 42. Nc2 Ra2 43. Kh2 Bxc4 44. Nxd4 Bxd3 45. Qxd3 Qh5+ 46. Kg1 Ra1+ 47. Kf2 Qh4+ 48. Ke2 Qe1# 0-1